Hồ Chí Minh với văn nghệ sĩ văn nghệ sĩ với Hồ Chí Minh T.1 Hồ Chí Minh trong trái tim văn nghệ sĩ Việt Nam
Gồm những bài viết của các nhà văn, các nghệ sĩ Việt Nam viết về những kỷ niệm của họ với Bác Hồ
Enregistré dans:
| Autres auteurs: | , , , , |
|---|---|
| Format: | Livre |
| Langue: | Vietnamese |
| Publié: |
H.
Nxb. Hội Nhà văn
2010
|
| Sujets: | |
| Tags: |
Ajouter un tag
Pas de tags, Soyez le premier à ajouter un tag!
|
| Thư viện lưu trữ: | Mạng thư viện Đại học Đà Nẵng |
|---|
| LEADER | 01722nam a2200421 4500 | ||
|---|---|---|---|
| 001 | 000008764 | ||
| 003 | 4956 | ||
| 005 | 20111020131009.0 | ||
| 008 | 111020s2010 viesd | ||
| 041 | 0 | |a vie | |
| 082 | |a 335.4346 |b HÔ-M | ||
| 245 | 1 | 0 | |a Hồ Chí Minh với văn nghệ sĩ văn nghệ sĩ với Hồ Chí Minh |c B.s.: Hữu Thỉnh (ch.b.), Trung Trung Đỉnh, Trần Quang Quý... |n T.1 |p Hồ Chí Minh trong trái tim văn nghệ sĩ Việt Nam |
| 260 | |a H. |b Nxb. Hội Nhà văn |c 2010 | ||
| 300 | |a 394 tr. |b ảnh |c 24cm | ||
| 504 | |a Thư mục: tr. 381-388 | ||
| 520 | |a Gồm những bài viết của các nhà văn, các nghệ sĩ Việt Nam viết về những kỷ niệm của họ với Bác Hồ | ||
| 653 | |a Hồ Chí Minh | ||
| 653 | |a Lãnh tụ cách mạng, chính trị gia | ||
| 653 | |a 1890-1969 | ||
| 653 | |a Việt Nam | ||
| 653 | |a Văn nghệ sĩ | ||
| 700 | |a Hữu Thỉnh |e ch.b. | ||
| 700 | |a Trung Trung Đỉnh |e b.s. | ||
| 700 | |a Trần Quang Quý |e b.s. | ||
| 700 | |a Phạm Sông Hồng |e b.s. | ||
| 700 | |a Nguyễn Khắc Trường |e b.s. | ||
| 773 | |t Hồ Chí Minh với văn nghệ sĩ văn nghệ sĩ với Hồ Chí Minh |w 4952 | ||
| 910 | |a Huỳnh Thị Cẩm Lai |d 20/10/2011 | ||
| OWN | |a LSP | ||
| AVA | |a UDN50 |b LSP |d 335.4346 HÔ-M |e available |t Error 5001 Not defined in file expand_doc_bib_avail. |f 3 |g 0 |h N |i 0 |k 1 | ||
| 999 | |a From the UDN01 | ||
| AVA | |a UDN50 |b LSP |d 335.4346 HÔ-M |e available |t Error 5001 Not defined in file expand_doc_bib_avail. |f 3 |g 0 |h N |i 0 |k 1 | ||
| TYP | |a Monograph | ||
| TYP | |a Printed language | ||
| 980 | |a Mạng thư viện Đại học Đà Nẵng | ||